The Oxford India Gandhi: (Record no. 166384)

MARC details
000 -LEADER
fixed length control field 00580nam a22001817a 4500
005 - DATE AND TIME OF LATEST TRANSACTION
control field 20190805113143.0
010 ## - LCCN (DPL NO)
LC control number ENG-126126
020 ## - INTERNATIONAL STANDARD BOOK NUMBER
International Standard Book Number 9780199493524
Terms of availability 1495.00
035 ## - SYSTEM CONTROL NUMBER
System control number EN-109658
037 ## - SOURCE OF ACQUISITION
Source of stock number/acquisition DBAD/PUB
082 ## - DEWEY DECIMAL CLASSIFICATION NUMBER
Classification number 954.035092
245 ## - TITLE STATEMENT
Title The Oxford India Gandhi:
Remainder of title essential writings
Statement of responsibility, etc edited by Gopalkrishna Gandhi
260 ## - PUBLICATION, DISTRIBUTION, ETC. (IMPRINT)
Name of publisher, distributor, etc Oxford University Press
Place of publication, distribution, etc New Delhi
Date of publication, distribution, etc 2019
270 ## - ADDRESS
Address 2/11 Ground floor,Ansari Road
City Daryaganj, New Delhi
Postal code 110002
300 ## - PHYSICAL DESCRIPTION
Extent 863p.
Dimensions 22cm(Hb)
500 ## - GENERAL NOTE
General note includes index
942 ## - ADDED ENTRY ELEMENTS (KOHA)
Source of classification or shelving scheme Dewey Decimal Classification
Item type English Books
Classification part 954.035092
Call number suffix GAN
Holdings
Withdrawn status Lost status Not for loan Collection code Home library Current library Date acquired Source of acquisition Cost, normal purchase price Full call number Barcode Copy number Cost, replacement price Koha item type
    Not For Loan Non-fiction D.B.Act.Division D.B.Act.Division 05/08/2019 DBAD/PUB 995.00 954.035092 GAN EN-109658 1 1495.00 English Books

© Delhi Public Library
Hit Counter
free hit counter